000
00356 a2200169 4500
001
126977
020
_a
9780070890824
040
_c
Escola Canadense de Niteroi
090
_a
Teachers
100
_a
Dawn Lindenberg
245
1
0
_a
Science Focus 9
260
_a
Canada
362
0
_a
2002
490
0
_a
Science Focus
650
4
_a
Science
942
_c
BK
999
_c
126977
_d
126977